Welcome to the Holygrace Academy Library

Please use search bar below to get started

OWLS IN THE FAMILY (Record no. 2779)

MARC details
000 -LEADER
fixed length control field 00633nam a22001457a 4500
020 ## - INTERNATIONAL STANDARD BOOK NUMBER
ISBN 978-81-291-4989-3
082 ## - DEWEY DECIMAL CLASSIFICATION NUMBER
Classification number 823
Item number BON/O
100 ## - MAIN ENTRY--AUTHOR NAME
Personal name BOND, RUSKIN
245 ## - TITLE STATEMENT
Title OWLS IN THE FAMILY
260 ## - PUBLICATION, DISTRIBUTION, ETC. (IMPRINT)
Place of publication DELHI
Name of publisher RUPA PUBLICATIONS
Year of publication 2018
300 ## - PHYSICAL DESCRIPTION
Number of Pages 107
520 ## - SUMMARY, ETC.
Summary, etc The Owls in the Family is a short story by Ruskin Bond in which he reminisces his childhood memories of petting two owlets with his grandparents The story is a happy account which makes us cherish the love and affection our grandparents have for us along with the warmth of having a pet in this case two owls
650 ## - SUBJECT ADDED ENTRY--TOPICAL TERM
Topical Term CHILDREN STORY BOOK
Geographic subdivision INDIA
942 ## - ADDED ENTRY ELEMENTS (KOHA)
Koha item type Books
Holdings
Withdrawn status Lost status Collection code Home library Current library Shelving location Date acquired Source of acquisition Cost, normal purchase price Full call number Accession Number Koha item type
    Fiction Main Library Main Library SHELF-14B -ALPHABETICAL -B--ENGLISH NOVELS & FICTIONS 25/01/2019 purchase 195.00 823 BON/O 10663 Books